La vida sacra : contemporary Hispanic sacramental theology /

Bibliographic Details
Main Author: Empereur, James L.
Other Authors: Fernández, Eduardo C.
Format: Book
Language:English
Published: Lanham, Md. : Rowman & Littlefield Publishers, [2006]
Series:Celebrating faith.
Subjects:
Online Access:Table of contents only

MARC

Tag First Indicator Second Indicator Subfields
LEADER 00000cam a22000004a 4500
001 in00002199613
005 20151104101238.0
008 060518s2006 mdu b 001 0 eng
010 |a  2006016752 
020 |a 0742551563 (cloth : alk. paper) 
020 |a 0742551571 (pbk. : alk. paper) 
024 3 |a 9780742551565 
024 3 |a 9780742551572 
035 |a (OCoLC)ocm69423232 
035 |a (OCoLC)69423232 
040 |a DLC  |c DLC  |d BAKER  |d C#P  |d UtOrBLW 
042 |a pcc 
043 |a n-us--- 
049 |a TXAM 
050 0 0 |a BX2203  |b .E47 2006 
082 0 0 |a 282/.7308968  |2 22 
100 1 |a Empereur, James L. 
245 1 3 |a La vida sacra :  |b contemporary Hispanic sacramental theology /  |c James Empereur and Eduardo Fernández. 
264 1 |a Lanham, Md. :  |b Rowman & Littlefield Publishers,  |c [2006] 
264 4 |c ©2006 
300 |a viii, 336 pages ;  |c 24 cm. 
336 |a text  |b txt  |2 rdacontent 
337 |a unmediated  |b n  |2 rdamedia 
338 |a volume  |b nc  |2 rdacarrier 
490 1 |a Celebrating faith 
504 |a Includes bibliographical references (pages 307-322) and index. 
505 0 |a The sacramentality of the Hispanic experience -- Beginning life in family and church -- The passage into adulthood in church and family -- The witness of the Hispanic family -- The ministry of leadership in the Hispanic community -- Encounters of healing and brokenness in family and church -- The passage to new life in the Hispanic community -- Conclusion : new avenues for sacramental theology. 
650 0 |a Sacraments  |x Catholic Church. 
650 0 |a Hispanic American Catholics  |x Religious life. 
700 1 |a Fernández, Eduardo C. 
830 0 |a Celebrating faith. 
856 4 1 |3 Table of contents only  |u http://www.loc.gov/catdir/toc/ecip0614/2006016752.html  |t 0 
938 |a Baker & Taylor  |b BKTY  |c 65.00  |d 65.00  |i 0742551563  |n 0006795337  |s active 
938 |a Baker & Taylor  |b BKTY  |c 27.95  |d 27.95  |i 0742551571  |n 0006795338  |s active 
945 |a PromptCat 
946 |a stk 
947 |a A14835032437 
948 |a cataloged  |b h  |c 2006/12/9  |d c  |e rbarron  |f 5:34:14 pm 
994 |a 92  |b TXA 
999 |a MARS 
999 f f |s f66ec4e2-0bc6-3c77-94f4-fc817c84edfd  |i 5bd44de9-3cc7-39d2-84d6-1f07e5c93bad  |t 0 
952 f f |p ric  |a Texas A&M University  |b Rellis Campus  |c Joint Library Facility  |d Remote Storage  |t 0  |e BX2203 .E47 2006  |h Library of Congress classification  |i unmediated -- volume  |m A14835032437 
998 f f |a BX2203 .E47 2006  |t 0  |l Remote Storage